NLSUI OPAC header image

Export processing zones and industrial employment in Asia (Record no. 8451)

MARC details
000 -LEADER
fixed length control field 00478nam a2200157Ia 4500
008 - FIXED-LENGTH DATA ELEMENTS--GENERAL INFORMATION
fixed length control field 160316s1984 xxu||||| |||| 00| 0 eng d
082 ## - DEWEY DECIMAL CLASSIFICATION NUMBER
Classification number 331.128000
Item number LEE
100 ## - MAIN ENTRY--PERSONAL NAME
Personal name Lee Eddy
245 ## - TITLE STATEMENT
Title Export processing zones and industrial employment in Asia
250 ## - EDITION STATEMENT
Edition statement
260 ## - PUBLICATION, DISTRIBUTION, ETC.
Place of publication, distribution, etc. Bangkok
Name of publisher, distributor, etc. Asian Employment Programme
Date of publication, distribution, etc. 1984
300 ## - PHYSICAL DESCRIPTION
Extent 266p
Other physical details
Dimensions
365 ## - TRADE PRICE
Price amount Rs.
650 ## - SUBJECT ADDED ENTRY--TOPICAL TERM
Topical term or geographic name entry element 1.Labour Market - Industrial Employment - Asia <br/>2.Export - Processing - Employment
700 ## - ADDED ENTRY--PERSONAL NAME
Personal name
--
Holdings
Withdrawn status Lost status Damaged status Not for loan Home library Current library Shelving location Date acquired Total Checkouts Full call number Barcode Date last seen Price effective from Koha item type
        . .   30.05.2017   331.128 LEE 8706 30.05.2017 30.05.2017 BOOKs